Capitales les plus peuplées du Monde - Statistiques

Statistiques générales
  • Ce quiz a été pris 862 fois
    581 depuis la dernière actualisation
  • Le résultat moyen est 17 sur 30
Statistiques - réponses
Population Continent Capitale % Correct
13,1 M Europe Paris
97%
21,9 M Asie Pékin
92%
42,8 M Asie Tokyo
92%
14,6 M Europe Londres
89%
20,2 M Europe/Asie Moscou
85%
9,8 M Amérique du Nord Washington
76%
21.6 M Amérique du Nord Mexico
73%
24,4 M Afrique Le Caire
72%
26,5 M Asie Delhi (New Delhi)
67%
15,1 M Amérique du Sud Buenos Aires
66%
35,1 M Asie Jakarta
65%
7,8 M Afrique Alger
63%
26 M Asie Séoul
61%
18,9 M Asie Bangkok
58%
15 M Afrique Kinshasa
56%
18,6 M Asie Dacca
55%
11 M Amérique du Sud Bogota
53%
12,1 M Amérique du Sud Lima
49%
28,6 M Asie Manille
49%
16 M Asie Téhéran
48%
7,6 M Asie Hanoï
44%
8,2 M Asie Kuala Lumpur
43%
14,7 M Afrique Pretoria (A.U. du Gauteng)
38%
7,5 M Amérique du Sud Santiago
38%
8,1 M Asie Singapour
35%
6,9 M Asie Riyad
34%
7,6 M Afrique Nairobi
32%
8,2 M Europe Amsterdam (A.U. de la Randstad)
25%
8,5 M Afrique Khartoum
20%
9,2 M Afrique Luanda
19%
Aucun quiz correspondant
Distribution des résultats
% des personnes avec chaque résultat
Percentile par nombre de réponses
Votre historique - résultats
Vous n’avez pas pris ce quiz depuis la dernière actualisation